| 000 | 00700nam a22002297a 4500 | ||
|---|---|---|---|
| 005 | 20170124110233.0 | ||
| 010 | _aB-227439 | ||
| 020 |
_c650.00 _a8189000470 |
||
| 035 | _aB-227439 | ||
| 037 | _bCen Lib/Ret | ||
| 040 |
_aDPL _bEN |
||
| 082 |
_a637 _bKAP |
||
| 100 |
_aKapoor, Ajay _934042 |
||
| 245 |
_aMilk and its products / _cby Ajay Kapoor |
||
| 260 |
_aNew Delhi _bVishvabharti publications _c2005 |
||
| 270 |
_bNew Delhi _a4378/4B Ansari road, Daryaganj _e110002 |
||
| 300 |
_a281p. _c23cm(Hb) |
||
| 500 | _aIncludes bibliographical references and index | ||
| 650 |
_aDairy processing _934043 |
||
| 650 |
_aMilk production _x _941736 |
||
| 942 |
_2ddc _cEN _h637 _mKAP |
||
| 999 |
_c134776 _d134776 |
||